Las relaciones humanas y la administración de personal

Guardat en:
Dades bibliogràfiques
Autor principal: Cárcamo Stuardo, Mario (Autor)
Format: Llibre
Idioma:espanyol
Publicat: Santiago Andrés Bello 1959
Matèries:
Etiquetes: Afegir etiqueta
Sense etiquetes, Sigues el primer a etiquetar aquest registre!

MARC

LEADER 00000nam a2200000 a 4500
001 UCS2436
003 CL-VaPUC
008 970526e19590000CL |||||||||||||||||spa|d
082 0 4 |a 658.314  |b CAR  |2 21 
100 0 |a Cárcamo Stuardo, Mario  |e author  |9 387853 
245 1 4 |a Las relaciones humanas y la administración de personal 
300 |a 193 p 
942 |c BK 
945 |d 19970526 00:00:00  |a lriquelm 
260 |a Santiago  |b Andrés Bello  |c 1959 
650 0 |a Administración  |9 259325 
650 0 |a Administración del personal  |9 260442 
650 0 |a Relaciones interpersonales  |9 307056 
650 7 |a PERSONAL  |2 CL-VaPUC  |9 343747 
650 7 |a DIRECTORES DE PERSONAL  |2 CL-VaPUC  |9 365394 
650 0 |a Relaciones laborales   |9 335971 
583 |a last modification  |c 19970526 00:00:00  |k Rodrigo Vera 
999 |c 260394  |d 260392 
952 |0 0  |1 0  |4 0  |6 658_314000000000000_CAR_1959  |7 0  |8 A  |9 286492  |a BIBDER  |b BIBDER  |d 2019-11-19  |i 1862952  |o 658.314 CAR 1959  |p 1862952  |r 2023-01-25  |w 2019-11-19  |y BK  |k DER